Nisäkkäitä kuvien mukaan #2 - Statistics

Yleistilastot
  • Tätä visaa on pelattu 944 kertaa
  • Keskiarvotulos 12 / 18
Vastaustilastot
Kuvavisa Vastaus % Oikein
Leijona
100%
Aasi
97%
Siili
97%
Lepakko
96%
Kirahvi
95%
Virtahepo
95%
Hyeena
87%
Saukko
83%
Ahma
80%
Simpanssi
80%
Vesinokkaeläin
77%
Jaguaari
55%
Kontiainen
48%
Maki
40%
Kummituseläin
27%
Gnuu
24%
Maasika
13%
Lumivuohi
9%
Ehtoja vastaavia visoja ei löytynyt
Tulosjakauma
Jokaisen tuloksen saaneiden osuus
Persentiili vastausten määrän mukaan
Tuloshistoriasi
Et ole pelannut tätä visaa